Which City in Turkey? - Statistics

General Stats
  • This quiz has been taken 421 times
  • The average score is 12 of 20
Answer Stats
Description Letter City % Correct
Most populous city in Turkey İ İstanbul
100%
Capital of Turkey A Ankara
99%
It was known as "Smyrna" in the classical antiquity İ İzmir
93%
Turkey's biggest international sea resort, located on the Turkish Riviera A Antalya
81%
Namesake of the largest lake in Turkey, only three letters V Van
80%
City near the largest oil field in Turkey, namesake of a famous DC superhero B Batman
79%
Coastal city with namesake of a South Korean company, without its last letter S Samsun
74%
Ancient city that was destroyed by Greeks in "The Iliad" T Troy
70%
Most populous city located entirely on the European side of Turkey E Edirne
65%
Served as the first capital of the Ottoman Empire B Bursa
61%
Most populous Turkish city on the Tigris River D Diyarbakır
49%
Eastern terminus of the Dardanelles Strait, namesake of a peninsula G Gelibolu
49%
Where the Persian poet, Rumi, died and is buried K Konya
47%
Emerged as a hub for international cotton trade during the American Civil War A Adana
42%
Turkey made its bid for the 2026 Winter Olympics with this city in Eastern Anatolia E Erzurum
36%
Located near "Göbekli Tepe", home to world's oldest known megaliths Ş Şanlıurfa
33%
Famous seaside resort located near the Greek island of Kos B Bodrum
31%
Roman city that had a population of around a half million at the time of Jesus A Antioch
30%
Modern-day city that lies on the ruins of the above A Antakya
22%
Center of Cappadocia for tourists, located among the "fairy chimney" formations G Göreme
14%
No matching quizzes found
Score Distribution
Percent of People with Each Score
Percentile by Number Answered
Your Score History
You have not taken this quiz